Pays dont la capitale contient plus de lettres - Mort subite - Statistiques

Statistiques générales
  • Ce quiz a été pris 74 fois
  • Le résultat moyen est 7 sur 10
Answers on the Grid
Answers color-coded by a green-red scale on the quiz's grid according to % correct below.
Haïti
Oman
Cuba
Laos
Népal
Tchad
Liban
Bhoutan
Mali
Irak
Italie
Fidji
Pérou
Qatar
Espagne
Lettonie
Croatie
Albanie
Autriche
Norvège
 
Statistiques - réponses
Réponse % Correct
Liban
81%
Cuba
75%
Népal
75%
Laos
73%
Mali
73%
Haïti
69%
Irak
62%
Tchad
60%
Oman
58%
Bhoutan
50%
Aucun quiz correspondant
Distribution des résultats
% des personnes avec chaque résultat
Percentile par nombre de réponses
Votre historique - résultats
Vous n’avez pas pris ce quiz